000 00325nam a2200121Ia 4500
008 230907s9999||||xx |||||||||||||| ||und||
082 _a678.3
_bSOM
100 _aSommer, John G.
_9116017
245 0 _aEngineered rubber products /
260 _aHanser,
_bMunich ; | Cincinnati :
_c2009
300 _aix, 181 p. :
942 _cBK
999 _c600795
_d600795